000 00721nam a22002177a 4500
003 UA-OsUOA
001 43370
007 ta
008 20061221b un ||||| |||| 00| 0 ukr d
090 _a81'42
_bС64
942 _cBK
040 _aUA-OsUOA
_brus
_cUA-OsUOA
_dUA-OsUOA
245 _aСопоставительная лингвистика: теоретические и прикладные проблемы (Тезисы докладов на совещании)
300 _a88 с.
955 _a2
041 _arus
080 _a81'42
260 _aМ.
_c1991
650 7 _a8 Мовознавство. Художня література. Літературознавство
_2UDC
999 _c329500
_d329500